| 000 | 00406cam a2200169ua 4500 | ||
|---|---|---|---|
| 020 | _c25.00 | ||
| 041 |
_aeng _h |
||
| 082 |
_a621.815 _bTRI/MA |
||
| 100 | _aTrikha, S.N . | ||
| 245 |
_aMachine design exercises / _cS.N.Trikha. _hTextual Documents |
||
| 260 |
_aDelhi : _bKhanna publishers , _c1983. |
||
| 300 | _a586 ; . | ||
| 365 | _a25.00 | ||
| 504 | _a | ||
| 942 | _cBK | ||
| 999 |
_c9273 _d9273 |
||